Normal view MARC view

Entry Meeting Name

Number of records used in: 2

001 - CONTROL NUMBER

  • control field: 19446

003 - CONTROL NUMBER IDENTIFIER

  • control field: OSt

005 - DATE AND TIME OF LATEST TRANSACTION

  • control field: 20211105134413.0

008 - FIXED-LENGTH DATA ELEMENTS

  • fixed length control field: 211105|| aca||aabn | a|a d

040 ## - CATALOGING SOURCE

  • Original cataloging agency: OSt
  • Transcribing agency: OSt

111 ## - HEADING--MEETING NAME

  • Meeting name or jurisdiction name as entry element: Kofu Symposium on New Look At the Sun with Emphasiss on Advanced Observations of Coronal Dynamics and Flares
  • Location of meeting: Yamanashi
  • Date of meeting or treaty signing: 1993 Sep. 6-10

670 ## - SOURCE DATA FOUND

  • Source citation: Work cat.: (OSt): Kofu Symposium on New Look At the Sun with Emphasiss on Advanced Observations of Coronal Dynamics and Flares Yamanashi 1993 Sep. 6-10, New look at the Sun with Emphasiss on advanced observations of coronal dynamics and flares, 1994

Powered by Koha